| 000 | 00550nam a2200205Ia 4500 | ||
|---|---|---|---|
| 001 | 12465 | ||
| 003 | GE_BSU | ||
| 008 | 181216s||||||||xx |||||||||||||| ||und|| | ||
| 040 | _cGE_BSU | ||
| 080 | _a631.1(075.8) | ||
| 100 | _aВербин,А.А.;Квасников,В.В.;Чижевский,М.Г. | ||
| 245 | _aЗемледелие | ||
| 245 | _cРед.В.С.Грачева | ||
| 260 | _aМосква | ||
| 260 | _bСельхозгиз | ||
| 260 | _c1958 | ||
| 300 | _a429стр.илл.23см. | ||
| 653 | _aЗемледелие | ||
| 942 | _cBK | ||
| 999 |
_c45639 _d45639 |
||